000 00838nam a22002657a 4500
003 AR-BeUNQ
005 20241125194229.0
008 241125b19291997||| oh|| r|| 00| 0 spa d
020 _a9789682706844
040 _aAR-BeUNQ
_cAR-BeUNQ
_eaacr
082 _221
_a927
100 _aTaibo II, Paco Ignacio
_caut.
_d1949
245 _aErnesto Guevara tmbién conocido como El Che
_cPaco Ignacio Taibo II
_hlibro
250 _a1a.ed
_b8va.reimpresión
260 _aMéxico DF :
_bPlaneta,
_c1997
300 _a827 p. ;
_bil. ;
_c22,5 cm
490 _aHoas de Latinoamérica
500 _aBiografia no autorizada.
504 _aContiene Bibliografía. 61 capítulos. Fotografías
600 _d1950
650 _aBiografía
_2tell
651 _2unescot
_aCuba
929 _aDONACION
_bpase UNQ
_c0
_d2017
_f0082236
_j59731
942 _cLIB
999 _c1104
_d1104